000 00397nam a22001457a 4500
005 20160126103450.0
008 160126b xxu||||| |||| 00| 0 eng d
040 _cPK-LaUMT
082 _aKHC 954.035
_bBIP-F
100 _aBipan chandra
245 _aFreedom struggle
_cBipan chandra, Amales tripathi, Barun de
260 _aNew Delhi
_bNational book trust
_c1972
300 _a228 p.
942 _cBK
999 _c82263
_d82263